How to be a hero to your teenager. (Record no. 14704)

000 -LEADER
fixed length control field 00642nam a2200205 a 4500
001 - CONTROL NUMBER
control field :::00012537$&:&@@
003 - CONTROL NUMBER IDENTIFIER
control field OkBaRHE
005 - DATE AND TIME OF LATEST TRANSACTION
control field 20000607103420.0
008 - FIXED-LENGTH DATA ELEMENTS--GENERAL INFORMATION
fixed length control field s1985 j 000 0 eng u
040 ## - CATALOGING SOURCE
Transcribing agency
100 1# - MAIN ENTRY--PERSONAL NAME
Personal name White, Joe.
245 10 - TITLE STATEMENT
Title How to be a hero to your teenager.
260 ## - PUBLICATION, DISTRIBUTION, ETC. (IMPRINT)
Place of publication, distribution, etc Wheaton, IL., :
Name of publisher, distributor, etc Tyndale Publishers, Inc.
Date of publication, distribution, etc 1985
300 ## - PHYSICAL DESCRIPTION
Extent 125 p. : illus. ;
Dimensions 21 cm.
650 ## - SUBJECT ADDED ENTRY--TOPICAL TERM
Topical term or geographic name as entry element Adolescence
650 ## - SUBJECT ADDED ENTRY--TOPICAL TERM
Topical term or geographic name as entry element Parent and Child
650 ## - SUBJECT ADDED ENTRY--TOPICAL TERM
Topical term or geographic name as entry element Parenting
General subdivision Religious Aspects
-- Christianity
942 ## - ADDED ENTRY ELEMENTS (KOHA)
Source of classification or shelving scheme
Koha item type Books
Copies
Price effective from Copy number Not for loan Permanent Location Barcode Source of classification or shelving scheme Lost status Withdrawn status Shelving location Date acquired Full call number Date last seen Damaged status Koha item type
2010-04-141 RHEMA Bible Training College12537   General Stacks2010-04-14HQ 755.8 .W482010-04-14 Books